The story of divine Revolution1 ; (Record no. 200855)
[ view plain ]
| 000 -LEADER | |
|---|---|
| fixed length control field | 00677nam a22002057a 4500 |
| 005 - DATE AND TIME OF LATEST TRANSACTION | |
| control field | 20240219101957.0 |
| 008 - FIXED-LENGTH DATA ELEMENTS--GENERAL INFORMATION | |
| fixed length control field | 090826t xxu||||| |||| 00| 0 eng d |
| 010 ## - LCCN (DPL NO) | |
| LC control number | ENG-139323 |
| 020 ## - INTERNATIONAL STANDARD BOOK NUMBER | |
| Terms of availability | 2,500.00/- |
| International Standard Book Number | 978-93-84963-21-7 |
| 035 ## - SYSTEM CONTROL NUMBER | |
| System control number | ENG-139323 |
| 040 ## - CATALOGING SOURCE | |
| Language of cataloging | English |
| 082 ## - DEWEY DECIMAL CLASSIFICATION NUMBER | |
| Classification number | 921 |
| 245 ## - TITLE STATEMENT | |
| Title | The story of divine Revolution1 ; |
| Remainder of title | |
| Statement of responsibility, etc | Samarth Guru Shri Ram Chandraji Maharaj |
| 250 ## - EDITION STATEMENT | |
| Edition statement | 1 |
| 260 ## - PUBLICATION, DISTRIBUTION, ETC. (IMPRINT) | |
| Name of publisher, distributor, etc | Spiritual Hierarchy Publication Trust |
| Place of publication, distribution, etc | Kolkata |
| 270 ## - ADDRESS | |
| Address | kolkata |
| 300 ## - PHYSICAL DESCRIPTION | |
| Extent | p. |
| Dimensions | 37cm.(Hb) |
| 942 ## - ADDED ENTRY ELEMENTS (KOHA) | |
| Source of classification or shelving scheme | Dewey Decimal Classification |
| Item type | English Books |
| Call number suffix | MAH |
| Classification part | 921 |
| Edition | 1 |
| Withdrawn status | Lost status | Source of classification or shelving scheme | Damaged status | Not for loan | Collection code | Home library | Current library | Date acquired | Source of acquisition | Cost, normal purchase price | Total Checkouts | Full call number | Barcode | Date last seen | Copy number | Cost, replacement price | Koha item type |
|---|---|---|---|---|---|---|---|---|---|---|---|---|---|---|---|---|---|
| Dewey Decimal Classification | Not For Loan | Reference | Sarojini Nagar | Sarojini Nagar | 16/02/2024 | DBAD/PUB | 2500.00 | MAH 921 | EN-122855 | 16/02/2024 | 1 | 2500.00 | English Books |
